UM Logo

The social studies / (Record no. 18424)

MARC details
000 -LEADER
fixed length control field 00482nam a22001577a 4500
003 - CONTROL NUMBER IDENTIFIER
control field OSt
005 - DATE AND TIME OF LATEST TRANSACTION
control field 20231115091633.0
008 - FIXED-LENGTH DATA ELEMENTS--GENERAL INFORMATION
fixed length control field 231115b ||||| |||| 00| 0 eng d
040 ## - CATALOGING SOURCE
Transcribing agency 0
082 ## - DEWEY DECIMAL CLASSIFICATION NUMBER
Classification number DPer 370.763 So131 January-December 2022 v.113 n. 1-6
245 ## - TITLE STATEMENT
Title The social studies /
260 ## - PUBLICATION, DISTRIBUTION, ETC. (IMPRINT)
Place of publication, distribution, etc. Philadelphia;
Name of publisher, distributor, etc. Taylor & Francis Group,
Date of publication, distribution, etc. January - December 2022.
300 ## - PHYSICAL DESCRIPTION
Extent various pages;
Other physical details illustrations,
Dimensions 29 cm.
650 ## - SUBJECT ADDED ENTRY--TOPICAL TERM
Topical term or geographic name as entry element Social sciences.
9 (RLIN) 49981
942 ## - ADDED ENTRY ELEMENTS (KOHA)
Source of classification or shelving scheme Dewey Decimal Classification
Koha item type Periodicals
Holdings
Withdrawn status Lost status Source of classification or shelving scheme Damaged status Not for loan Collection code Home library Current library Date acquired Total Checkouts Full call number Date last seen Price effective from Koha item type Public note
    Dewey Decimal Classification     Periodicals UM Digos College - LIC UM Digos College - LIC 11/15/2023   DPer 370.763 So131 January-December 2022 v.113 n. 1-6 11/15/2023 11/15/2023 Periodicals Periodical Article